Les meilleurs joueurs formés au Standard (2000-2022) - Statistiques

Statistiques générales
  • Ce quiz a été pris 186 fois
  • Le résultat moyen est 8 sur 20
Statistiques - réponses
Année du début en pro Nom du Joueur % Correct
2006 Axel Witsel
96%
2006 Marouane Fellaini
82%
2017 Arnaud Bodart
74%
2018 Nicolas Raskin
74%
2011 Michy Batshuayi
67%
2008 Mehdi Carcela-Gonzalez
59%
2010 Paul-José M'poku
44%
2018 Zinho Vanheusden
43%
2007 Christian Benteke
33%
2004 Sébastien Pocognoli
26%
2007 Réginal Goreux
24%
2012 Edmilson Junior
23%
2013 Julien De Sart
22%
2007 Nacer Chadli
22%
2020 Arthur Théate
21%
2008 Eliaquim Mangala
21%
2005 Kevin Mirallas
21%
2009 Thomas Meunier
16%
2018 Loïs Openda
15%
2014 Mërgim Vojvoda
7%
Aucun quiz correspondant
Distribution des résultats
% des personnes avec chaque résultat
Percentile par nombre de réponses
Votre historique - résultats
Vous n’avez pas pris ce quiz